000
00273dam a22001097a 4500
999
_c
2972
_d
2972
008
190521e1987 ag ||||| |||| 00| 0 spa d
100
_a
MIchans, Juan R.
_9
1433
245
_a
Patologia quirurgica
250
_a
4a ed.
260
_a
Buenos Aires
_b
El Ateneo
_c
1987
500
_a
Baja